000 00964nam a22002657a 4500
005 20231219123018.0
010 _aENG-129399 ENG-138604
020 _c250.00
_a978-93-88016-92-6
020 _c995.00
_a9789389740325
035 _aEN-112931
035 _aEN-122136
037 _bDBAD/PUB
082 _a300.71
_21
100 _aK. C. Shankaraiah
_959936
245 _aPedagogy of Social Sciences/
_bBy K. C. Shankaraiah, A. Srinivasa Murthy and Elisha Kolluri
250 _a1
260 _aNew Delhi
_bNeelkamal Publications
_c2020
270 _a4764/1, 23, Ansari Road, Daryaganj
_bNew Delhi
_e110002
_k011-23244237
_k9811828953
_mneelkamalbooks@gmail.com
300 _axi+260p.
_c24cm(pbk)
_billustrations
300 _axi,265p.
_c24cm(Hbk)
_billustrations
500 _aincluding bibliographical references
700 _aMurthy, A. Srinivasa
_eAuthor
_959937
700 _aElisha Kolluri
_eAuthor
_959938
942 _2ddc
_cEN
_h300.71
_mSHA
999 _c178617
_d178617